Comentarios a la nueva ley de arrendamientos urbanos

Bibliographic Details
Main Author: Fuentes Lojo, Juan V.
Format: Unknown
Language:Spanish
Published: Barcelona : Jos ̌Mara̕ Bosch, 2006
Subjects:
Online Access:Acceso restringido

MARC

LEADER 00000ny a22000003n 4500
005 2011060804104.0
008 A10218s2006 sp || 000|0 spa d
035 |a 1205 
040 |a BUS  |d vLex 
080 |a 347.453 460 
090 |c 559  |d 559 
100 1 |a Fuentes Lojo, Juan V. 
245 1 0 |a Comentarios a la nueva ley de arrendamientos urbanos  |h [Recurso electrn̤ico]  |c Juan V. Fuentes Lojo  
256 |a Servicio en ln̕ea 
260 |a Barcelona :  |b Jos ̌Mara̕ Bosch,  |c 2006 
300 |a p. ;  |c cm 
506 1 |a Contenido solo disponible en los productos indicados  |d vLex Global  |d vLex Global (Academic Edition, excluding Law Schools)  |d vLex Global (U.S. Academic Edition, Law Schools)  |d vLex Global (U.S. Academic Edition, excluding Law Schools)  |d vLex Global (Academic Edition, Law Schools) 
650 0 7 |a Civil  |2 Tesauro vLex 
650 0 7 |a Contrato de arrendamiento  |2 Tesauro vLex 
650 0 7 |a Arrendamientos urbanos  |2 Tesauro vLex 
650 0 7 |a Arrendamientos  |2 Tesauro vLex 
740 0 |a vLex Libros (Servicios en ln̕ea) 
856 4 0 |u http://vlex.com/source/1205  |z Acceso restringido 
942 |c BOOK 
999 0 |a Civil Law  |b Barcelona